000
00305nam a22001337a 4500
020
_a
978-0-7166-2269-7
082
_a
001
_b
CAR/O
100
_a
CARRIGAN, MELLONEE
245
_a
THE UNIVERSE
260
_a
USA
_b
WORLD BOOKS INC
_c
2013
300
_a
192
650
_a
UNIVERSE ENCYCLOPEDIA
_z
INDIA
942
_c
BK
999
_c
1833
_d
1833